000 00502nam a22001937a 4500
003 OSt
005 20210423061806.0
008 210219s1969 ||||| |||| 00| 0 eng d
040 _aeng
_beng
_cDLC
041 _aeng
080 _a94
_bA-25
100 _91014
_aAgoncillo, A. Teodoro
245 _aA Short History of The Philippines
_c/ by: A Mentor Book
260 _aNew York
_bA Mentor Book
_c1969
300 _a320 p.
650 0 _9252
_aHistory
653 _aისტორია
942 _2udc
_cBK
999 _c1590
_d1590